| 000 | 00607nam a22001577a 4500 | ||
|---|---|---|---|
| 003 | NUST | ||
| 038 | _aNusrat Nadeem | ||
| 082 | _a200 | ||
| 100 |
_aJanjua, Asad Asghar _935521 |
||
| 245 |
_aA Novel Algorithm for Evaluating the Accuracy of In-Cylinder Convective Heat Transfer Coefficient Estimation Models in Port Water-Injected Diesel Engine/ _cAsad Asghar Janjua, |
||
| 264 |
_aIslamabad: _bSMME NUST. _c2025. |
||
| 650 |
_a PhD- Mechanical Engineering _9131624 |
||
| 700 |
_aSupervisor: Dr. Waqas Khalid _9119579 |
||
| 856 | _u http://10.250.8.41:8080/xmlui/handle/123456789/54838 | ||
| 942 |
_2ddc _cSC |
||
| 999 |
_c615252 _d615252 |
||